Florilegio de prosistas uruguayos : los ensayistas, los articulistas, los cuentistas, los novelistas, los periodistas.

Saved in:
Bibliographic Details
Main Author: Salaverri, Vicente A.
Format: Book
Language:Spanish
Published: Buenos Aires : Editorial Cervantes, 1918.
Subjects:
LEADER 00800nam a22001931 4500
001 c000207721
003 CARM
005 20021125002100.0
008 851211s1918 ag 0 spa d
019 1 |a 4174927  |5 LACONCORD2021 
035 |a (OCoLC)2221704  |5 LACONCORD2021 
100 1 |a Salaverri, Vicente A. 
245 1 0 |a Florilegio de prosistas uruguayos :  |b los ensayistas, los articulistas, los cuentistas, los novelistas, los periodistas. 
260 |a Buenos Aires :  |b Editorial Cervantes,  |c 1918. 
650 0 |a Uruguayan literature  |y 20th century. 
852 8 |b CARM  |h A2:AK29A0  |i A03077  |p 0286282  |f BK 
082 0 4 |a 864.608 
999 f f |i bb86029a-a07b-58be-996b-a3e19bdd882c  |s 45a09c6a-8d80-5dab-a524-d4b8c00fcee9 
952 f f |p Can circulate  |a CAVAL  |b CAVAL  |c CAVAL  |d CARM 1 Store  |e A03077  |f A2:AK29A0  |h Other scheme  |i book  |m 0286282